Music Quiz

Random Music or Country Quiz
Score 0/51 Timer 10:00
0 Plays Today
Country Performer % Correct
GermanyLena
80.3%
NorwayAlexander Rybak
80.3%
FinlandLordi
78.6%
IsraelDana International
76.9%
DenmarkOlsen Brothers
76.3%
RussiaDima Bilan
75.7%
UkraineRuslana
74%
GreeceHelena Paparizou
68.8%
SwitzerlandCeline Dion
67.6%
IcelandYohanna
67.1%
BelgiumSandra Kim
65.3%
United KingdomKatrina and the Waves
64.7%
LatviaMarie N
64.2%
MaltaChiara
60.7%
TurkeySertab Erener
59.5%
YugoslaviaRiva
57.8%
ArmeniaSirusho
53.8%
SerbiaMarija Serifovic
53.8%
SwedenCharlotte Nilsson
49.7%
AustriaUdo Jurgens
47.4%
AzerbaijanAysel & Arash
45.1%
NetherlandsTeach-In
44.5%
Bosnia-HerzegovinaHari Mata Hari
41.6%
RomaniaPaula Seling & Ovi
40.5%
MonacoSeverine
39.3%
LithuaniaLT United
38.7%
Country Performer % Correct
IrelandEimear Quinn
38.2%
SpainSalome
38.2%
Serbia & MontenegroZeljko Joksimovic
36.4%
CyprusLisa Andreas
35.3%
BelarusKoldun
34.7%
FranceMarie Myriam
34.7%
ItalyToto Cutugno
32.9%
LuxembourgCorinne Hermes
32.9%
MoldovaZdob si Zdub
30.1%
CroatiaDoris Dragovic
28.3%
San MarinoMiodio
28.3%
AndorraAnonymous
27.7%
EstoniaTanel Padar, Dave Benton & 2XL
24.3%
MontenegroAndrea Demirovic
24.3%
AlbaniaAnjeza Shahini
22.5%
FYR MacedoniaElena Risteska
22.5%
PolandEdyta Gorniak
19.7%
SloveniaNusa Derenda
16.2%
Czech RepublicTereza Kerndlova
15%
BulgariaElitsa Todorova & Stoyan Yankoulov
13.9%
GeorgiaSofia Nizharadze
13.3%
HungaryFriderika Bayer
10.4%
MoroccoSamira Bensaid
10.4%
PortugalLucia Moniz
9.2%
SlovakiaMarcel Palonder
7.5%
Remove Ads.
Support Sporcle.
Get the best of Sporcle when you Go Orange. This ad-free experience offers more features, more stats, and more fun while also helping to support Sporcle. Thank you for becoming a member.

You're not logged in!

Compare scores with friends on all Sporcle quizzes.
OR
Log In

Show Comments

Extras

Top Quizzes Today


Score Distribution

Your Account Isn't Verified!

In order to create a playlist on Sporcle, you need to verify the email address you used during registration. Go to your Sporcle Settings to finish the process.

Report this User

Report this user for behavior that violates our Community Guidelines.

Details: